00825nam a2200193 a 450000100100000000500170001000800410002704000250006808200150009310000280010824500900013626000790022630000210030550001100032650000210043670000440045795201130050199900170061400002051920200930011125.0100322s1976 cu 001 0 spa d aDO-SdBNPbspacBNPHU axxxxbxxxx1 aChubarian, O. S.94323510aBibliotecología general /cO. S. Chubarian ; traducción Antonia Tristá Pérez. aLa Habana, Cuba :bMinisterio de CulturabCientífico-Técnica,c[1976]. a367 p. ;c21 cm. aEdición realizada con autorización del Centro Nacional de Derecho de Autor de la República de Cuba. aIncluye índice1 aTristá Pérez, Antoniaetrad.943236 001050718MOaGRbGRcCTd2017-10-04iLF1l0oxxxx xxxxp20519-10r2020-06-25w2020-06-25y1ZNo se presta c20023d20023